00388 2200157 4500001002100000005001500021035002000036245005500056100001800111300001200129260003300141082000800174084001400182020002200196990001200218INLIS00000000000174520250505015730 a0010-05250000371 aMaya And The Darkness Surrounding /cArikho Ginshu0 aArikho Ginshu a296 hlm aYogyakarta :bPing!!!,c2014 a800 a800 ARI m a978-602-255-619-0 a0754622